| 000 | 00758cam a2200181 4500 | ||
|---|---|---|---|
| 001 | x109996 | ||
| 008 | 000000n2000 000 0 eng u | ||
| 035 | _a(Sirsi) u109996 | ||
| 245 | _aJ D E Plant Hire v Barking and Dagenham LBC | ||
| 260 | _c2000 | ||
| 490 |
_aRating Appeals _v[2000] RA 471-486(10) |
||
| 520 | _aQBD 28 July 2000. Held that a hereditament divided into 14 units was in the rateable occupation of the licensor because the licensor retained overall control of the hereditabment for the purpose of his business of letting out units. Appeal dismissed. | ||
| 650 | _aRATEABLE OCCUPATION | ||
| 650 | _aSTORAGE UNITS | ||
| 650 | _aJ D E PLANT HIRE V BARKING V DAGENHAM LBC | ||
| 690 | _aRATING AND LOCAL TAXATION-CASE LAW | ||
| 942 | _n0 | ||
| 999 |
_c65608 _d65608 |
||